[Event "10th World Teams 2015"]
[Site "Tsaghkadzor ARM"]
[Date "2015.04.19"]
[Round "1.2"]
[White "Sargissian, Gabriel (ARM)"]
[Black "Sutovsky, Emil (ISR)"]
[Result "1/2-1/2"]
[WhiteElo "2668"]
[BlackElo "2623"]
[PlyCount "96"]
[EventDate "2015.04.19"]
[WhiteTeam "Armenia"]
[BlackTeam "Israel"]
[WhiteTeamCountry "ARM"]
[BlackTeamCountry "ISR"]

1. Nf3 c5 2. c4 Nc6 3. Nc3 g6 4. e3 Nf6 5. d4 cxd4 6. exd4 d5 7. cxd5 Nxd5 8.
Qb3 e6 9. Bb5 Bg7 10. O-O O-O 11. Bxc6 bxc6 12. Ne4 Qb6 13. Rd1 Ba6 14. Ne5
Rad8 15. Be3 Nxe3 16. fxe3 c5 17. Nxc5 Bxe5 18. Qxb6 axb6 19. Nxa6 Bd6 20. Rac1
Ra8 21. Rc6 Bxh2+ 22. Kxh2 Rxa6 23. a3 Rfa8 24. Rdc1 b5 25. Rxa6 Rxa6 26. Rc8+
Kg7 27. Rb8 Ra5 28. g4 h5 29. gxh5 gxh5 30. Kg3 Kg6 31. Kf4 f6 32. Rb6 Kf7 33.
Rb7+ Kg6 34. Rb6 Kf7 35. e4 h4 36. d5 exd5 37. exd5 Kg6 38. d6 Kf7 39. Rb7+ Ke6
40. d7 Ke7 41. Kg4 Ra4+ 42. Kh3 b4 43. axb4 Ra2 44. Kxh4 Rxb2 45. b5 Rd2 46. b6
Rxd7 47. Ra7 Ke6 48. Rxd7 Ke5 1/2-1/2